[Event "FRA-chT1 0910"]
[Site "France"]
[Date "2009.10.17"]
[Round "2.5"]
[White "Babault, Patrice"]
[Black "Lalande, Jean Louis"]
[Result "1-0"]
[WhiteElo "2366"]
[BlackElo "2058"]
[PlyCount "51"]
[EventDate "2009.09.27"]
[EventType "team-match"]
[EventRounds "11"]
[EventCountry "FRA"]
[Source "ChessBase"]
[SourceDate "2010.02.25"]

1. e4 c5 2. Nf3 g6 3. c3 Bg7 4. d4 cxd4 5. cxd4 d5 6. exd5 Nf6 7. Bb5+ Nbd7 8.
d6 exd6 9. Qe2+ Qe7 10. Bf4 Qxe2+ 11. Bxe2 Ke7 12. Nc3 Nb6 13. O-O Rd8 14. Rfe1
h6 15. d5 Kf8 16. Rad1 Bf5 17. Nd4 Nfxd5 18. Nxd5 Nxd5 19. Bc1 Bd7 20. Bf3 Nb4
21. Bf4 Bxd4 22. Bxd6+ Kg8 23. Bxb4 Bc6 24. Be4 Rd7 25. Bxc6 bxc6 26. Kf1 1-0

[Event "FRA-chT1 0910"]
[Site "France"]
[Date "2009.10.17"]
[Round "2.5"]
[White "Carton, Camille"]
[Black "Bergez, Luc"]
[Result "1/2-1/2"]
[WhiteElo "2219"]
[BlackElo "2369"]
[PlyCount "106"]
[EventDate "2009.09.27"]
[EventType "team-match"]
[EventRounds "11"]
[EventCountry "FRA"]
[Source "ChessBase"]
[SourceDate "2010.02.25"]

1. e4 d5 2. exd5 Nf6 3. d4 Nxd5 4. c4 Nb6 5. Nc3 e5 6. dxe5 Qxd1+ 7. Nxd1 Nc6
8. Nf3 Bg4 9. Be2 O-O-O 10. O-O Nxe5 11. b3 Nxf3+ 12. Bxf3 Bxf3 13. gxf3 Nd7
14. Bb2 Bd6 15. Kg2 Be5 16. Bxe5 Nxe5 17. Ne3 Rd6 18. f4 Rg6+ 19. Kh1 Nf3 20.
Rad1 Rd8 21. Nf5 Rd7 22. Ng3 Rgd6 23. Rxd6 Rxd6 24. Kg2 Rd3 25. Nf5 g6 26. Ne3
Nh4+ 27. Kh3 Nf5 28. Rd1 Rc3 29. Re1 Nxe3 30. Rxe3 Rc2 31. Re7 Rxa2 32. Rxf7
Rxf2 33. Kg3 Rb2 34. Rxh7 Rxb3+ 35. Kg4 a5 36. Kg5 Rf3 37. Rf7 Rh3 38. Kxg6
Rxh2 39. Rf8+ Kd7 40. Ra8 Rg2+ 41. Kf6 Rc2 42. Rxa5 Rxc4 43. f5 c5 44. Ke5 Kc6
45. f6 Rc1 46. f7 Re1+ 47. Kf6 Rf1+ 48. Ke6 b5 49. Ra8 Rxf7 50. Kxf7 Kd5 51.
Rd8+ Ke5 52. Rb8 b4 53. Ke7 Kd5 1/2-1/2

[Event "FRA-chT1 0910"]
[Site "France"]
[Date "2009.10.17"]
[Round "2.5"]
[White "Oliveira, Sancho"]
[Black "Ludwig, Remi"]
[Result "1/2-1/2"]
[WhiteElo "2220"]
[BlackElo "2205"]
[PlyCount "256"]
[EventDate "2009.09.27"]
[EventType "team-match"]
[EventRounds "11"]
[EventCountry "FRA"]
[Source "ChessBase"]
[SourceDate "2010.02.25"]

1. e4 e6 2. d4 d5 3. Nc3 Bb4 4. e5 c5 5. a3 Bxc3+ 6. bxc3 Ne7 7. Qg4 O-O 8. Bd3
Nbc6 9. Qh5 Ng6 10. Nf3 Qc7 11. Be3 c4 12. Bxg6 fxg6 13. Qg4 Bd7 14. h4 Rf5 15.
Ng1 Raf8 16. Ne2 Qa5 17. Kd2 Ne7 18. Ng3 h5 19. Qh3 R5f7 20. Ne2 Nf5 21. Bg5
Nh6 22. f3 Kh7 23. Rhg1 Qa4 24. Raf1 Rf5 25. Bxh6 gxh6 26. g4 hxg4 27. fxg4
Rxf1 28. Rxf1 Qxa3 29. g5 Rxf1 30. Qxf1 Qe7 31. Qf4 Be8 32. gxh6 a5 33. Ng1 Qf7
34. Qe3 Qf8 35. Nf3 Qxh6 36. Ng5+ Kg8 37. Qf4 Qf8 38. Nxe6 Qe7 39. Ng5 a4 40.
Qf3 Bc6 41. Kc1 Qf8 42. Qxf8+ Kxf8 43. Ne6+ Ke7 44. Nf4 Kf7 45. Kb2 b5 46. Ka3
Kg7 47. Ka2 Kh6 48. Ka3 g5 49. hxg5+ Kxg5 50. Ne6+ Kf5 51. Nc7 Kg6 52. Kb4 Kf7
53. Na6 Ke7 54. Kc5 a3 55. Nb4 Kd7 56. Na2 Kc7 57. Kb4 Bd7 58. Kxa3 Bf5 59. Nb4
Be4 60. Kb2 Kd7 61. Na6 Bg6 62. Nc5+ Ke7 63. Nb7 Kd7 64. Nd6 Kc6 65. Kc1 Bh7
66. Ne8 Bg6 67. Nf6 Bf5 68. Kb2 Be6 69. Nh5 Bf5 70. Nf4 Be4 71. Ne2 Bh7 72. Ng3
Bg6 73. Nf1 Bf5 74. Ne3 Be6 75. Kc1 Kd7 76. Kd2 Ke7 77. Ke2 Bf7 78. Nf5+ Kd7
79. Nh6 Bh5+ 80. Kd2 Kc6 81. Nf5 Bf7 82. Ke3 Kd7 83. Nd6 Bg6 84. Nxb5 Bxc2 85.
Kf4 Ba4 86. Nd6 Ke6 87. Nb7 Bc2 88. Kg5 Bb1 89. Nc5+ Ke7 90. Na6 Bd3 91. Kh6
Bb1 92. Kg7 Bc2 93. Nb4 Be4 94. Nc6+ Kd7 95. Nb4 Ke7 96. Na6 Bc2 97. Kh6 Bb1
98. Kg5 Bc2 99. Kf4 Bb1 100. Nc7 Be4 101. Ke3 Kd7 102. Nb5 Bg6 103. Nd6 Ke6
104. Kd2 Kd7 105. Kc1 Kc6 106. Kb2 Bd3 107. Ka3 Bg6 108. Ka4 Bd3 109. Ka5 Bf1
110. Ka6 Bh3 111. Ka7 Be6 112. Kb8 Bh3 113. Nb7 Bg4 114. Nc5 Bh3 115. e6 Kd6
116. Kb7 Bg4 117. e7 Kxe7 118. Kc7 Bf3 119. Kc6 Kf6 120. Na6 Kf5 121. Kc5 Ke4
122. Kb4 Kd3 123. Nc5+ Kc2 124. Na4 Bg2 125. Nb6 Bh1 126. Nxc4 dxc4 127. Kxc4
Kd2 128. Kb4 Kd3 1/2-1/2

[Event "FRA-chT1 0910"]
[Site "France"]
[Date "2009.10.17"]
[Round "2.5"]
[White "Schultz, Raphael"]
[Black "Gingene, Eric"]
[Result "1-0"]
[WhiteElo "2195"]
[BlackElo "2097"]
[PlyCount "97"]
[EventDate "2009.09.27"]
[EventType "team-match"]
[EventRounds "11"]
[EventCountry "FRA"]
[Source "ChessBase"]
[SourceDate "2010.02.25"]

1. d4 d5 2. c4 Bf5 3. cxd5 Bxb1 4. Rxb1 Qxd5 5. Qb3 Qxb3 6. axb3 Nf6 7. e3 e6
8. Nf3 Be7 9. Bd3 O-O 10. Bd2 Nd5 11. Ke2 c6 12. Ra1 Nd7 13. Rhc1 Bb4 14. Bc3
Rfe8 15. g3 Bd6 16. Ng5 Be7 17. Ne4 e5 18. dxe5 Nxc3+ 19. bxc3 Nxe5 20. Bc2 a6
21. Rd1 Rad8 22. Rd4 f5 23. Ra5 c5 24. Nxc5 Rxd4 25. cxd4 Nc6 26. Ra4 Nxd4+ 27.
Rxd4 Bxc5 28. Rd5 b6 29. Bxf5 a5 30. Bd7 Re7 31. Bb5 Kf7 32. Bd3 h6 33. e4 Ra7
34. f4 a4 35. bxa4 Rxa4 36. Rd7+ Kf8 37. e5 Ra2+ 38. Kf3 Rxh2 39. Rb7 g5 40. f5
h5 41. f6 Rf2+ 42. Ke4 h4 43. gxh4 gxh4 44. Kd5 h3 45. Ke6 Kg8 46. Rg7+ Kh8 47.
Rh7+ Kg8 48. Rxh3 Rf4 49. Bh7+ 1-0

[Event "FRA-chT1 0910"]
[Site "France"]
[Date "2009.10.17"]
[Round "2.6"]
[White "Manoeuvre, Antoine"]
[Black "Lallement, Victor"]
[Result "1/2-1/2"]
[WhiteElo "2213"]
[BlackElo "2108"]
[PlyCount "135"]
[EventDate "2009.09.27"]
[EventType "team-match"]
[EventRounds "11"]
[EventCountry "FRA"]
[Source "ChessBase"]
[SourceDate "2010.02.25"]

1. d4 Nf6 2. c4 c5 3. d5 b5 4. cxb5 a6 5. Nc3 axb5 6. e4 b4 7. Nb5 d6 8. Bf4
Nbd7 9. Nf3 Ba6 10. e5 Qb8 11. exd6 Bxb5 12. dxe7 Qxf4 13. exf8=Q+ Kxf8 14.
Bxb5 Qe4+ 15. Kf1 Ne5 16. Nxe5 Qxe5 17. Bc6 Rd8 18. Qc2 Nxd5 19. Rd1 Rd6 20.
Re1 Qxe1+ 21. Kxe1 Rxc6 22. f3 g6 23. Kf2 Kg7 24. Rd1 Nf6 25. Qc4 h5 26. h3 Re8
27. g4 hxg4 28. hxg4 Re7 29. a3 bxa3 30. bxa3 Nd7 31. Rh1 f6 32. Qf4 g5 33. Qh2
Nf8 34. Qh8+ Kf7 35. Rb1 Rec7 36. Rd1 Rc8 37. Re1 Re6 38. Rb1 c4 39. Rb7+ Re7
40. Rxe7+ Kxe7 41. Qg7+ Ke6 42. Qb7 Rd8 43. Qc6+ Ke7 44. Qxc4 Ne6 45. Qb4+ Kd7
46. a4 Rc8 47. a5 Rc6 48. Qb5 Nc7 49. Qf5+ Re6 50. Qh7+ Kd8 51. Qg8+ Kd7 52.
Qf7+ Kd8 53. Kg3 Kc8 54. Qf8+ Kb7 55. Qb4+ Ka7 56. Qc5+ Kb7 57. Qf5 Rc6 58. Qe4
Na6 59. Qb1+ Ka7 60. Qh7+ Nc7 61. Qd7 Kb7 62. Kf2 Re6 63. Qa4 Kc8 64. Qb4 Kd8
65. Qb7 Kd7 66. Qb1 Kc8 67. Qf5 Kb7 68. Qb1+ 1/2-1/2

[Event "FRA-chT1 0910"]
[Site "France"]
[Date "2009.10.17"]
[Round "2.6"]
[White "Roumegous, Marina"]
[Black "Becuwe, Olivier"]
[Result "1/2-1/2"]
[WhiteElo "2217"]
[BlackElo "2093"]
[PlyCount "117"]
[EventDate "2009.09.27"]
[EventType "team-match"]
[EventRounds "11"]
[EventCountry "FRA"]
[Source "ChessBase"]
[SourceDate "2010.02.25"]

1. d4 c5 2. d5 e6 3. c4 b5 4. cxb5 a6 5. e4 Nf6 6. Nc3 d6 7. a4 exd5 8. exd5
Be7 9. Nf3 O-O 10. Bf4 axb5 11. Bxb5 Ne8 12. O-O Nc7 13. Be2 Nba6 14. Nd2 Bg5
15. Bg3 Bh4 16. Nc4 Bxg3 17. hxg3 Rb8 18. Qd2 Nb4 19. Bf3 Ba6 20. b3 Qf6 21.
Rfd1 Qg6 22. Be4 f5 23. Bf3 Qf6 24. Rac1 Bxc4 25. bxc4 Ra8 26. Ra1 Ra5 27. Ra3
Na8 28. Be2 Nb6 29. Qf4 g5 30. Qc1 Rfa8 31. g4 Nxa4 32. gxf5 Nxc3 33. Qxc3 Qxf5
34. Rxa5 Rxa5 35. Ra1 Qc2 36. Qxc2 Rxa1+ 37. Qd1 Rxd1+ 38. Bxd1 Kg7 39. Kh2 Kg6
40. Kg3 h6 41. f4 Nd3 42. fxg5 Kxg5 43. Be2 Ne5 44. Bf1 h5 45. Be2 h4+ 46. Kh3
Ng6 47. g3 hxg3 48. Kxg3 Ne5 49. Bf1 Kf5 50. Kh4 Nf3+ 51. Kh5 Ke5 52. Kg6 Nh4+
53. Kf7 Nf5 54. Bd3 Ne3 55. Ke7 Nxd5+ 56. cxd5 Kxd5 57. Kd7 c4 58. Bxc4+ Kxc4
59. Kxd6 1/2-1/2

[Event "FRA-chT1 0910"]
[Site "France"]
[Date "2009.10.17"]
[Round "2.7"]
[White "Castejon, Nicolas"]
[Black "Jeannerot, Lea"]
[Result "0-1"]
[WhiteElo "2002"]
[BlackElo "2019"]
[PlyCount "110"]
[EventDate "2009.09.27"]
[EventType "team-match"]
[EventRounds "11"]
[EventCountry "FRA"]
[Source "ChessBase"]
[SourceDate "2010.02.25"]

1. d4 d5 2. Bf4 Nf6 3. e3 e6 4. Bd3 Nbd7 5. Nf3 c5 6. c3 Be7 7. h3 b6 8. O-O
O-O 9. Nbd2 Bb7 10. Qe2 Ne4 11. Rad1 a6 12. Bb1 Qc8 13. Nxe4 dxe4 14. Ng5 Bxg5
15. Bxg5 f5 16. a3 a5 17. Ba2 Re8 18. Bc4 a4 19. Rd2 Ra5 20. Rfd1 Nf8 21. d5
exd5 22. Bxd5+ Bxd5 23. Rxd5 Ra8 24. Qc4 Qe6 25. Qb5 Ra5 26. Qe2 Ng6 27. Rd6
Qb3 28. Bd8 Ra8 29. Bxb6 c4 30. Bc5 Rab8 31. Bb4 Ne5 32. R1d4 Nd3 33. Qh5 Qxb2
34. Rd7 Qxf2+ 35. Kh2 Ne5 36. Kh1 Qe1+ 37. Kh2 Qxe3 38. Qxf5 Nxd7 39. Rxd7 Qh6
40. Qf7+ Kh8 41. Bd6 Rbc8 42. Bf4 Qf6 43. Be3 Qxf7 44. Rxf7 Rcd8 45. Kg1 Rd3
46. Bd4 e3 47. Rf1 e2 48. Re1 Rd2 49. Kf2 Ra2 50. Bc5 Kg8 51. g3 Kf7 52. Kf3
Re5 53. Be3 Rxa3 54. Rxe2 Rxc3 55. Kf4 Rexe3 0-1

[Event "FRA-chT1 0910"]
[Site "France"]
[Date "2009.10.17"]
[Round "2.7"]
[White "Couche, Didier"]
[Black "Rate, Bruno"]
[Result "0-1"]
[WhiteElo "2144"]
[BlackElo "2120"]
[PlyCount "150"]
[EventDate "2009.09.27"]
[EventType "team-match"]
[EventRounds "11"]
[EventCountry "FRA"]
[Source "ChessBase"]
[SourceDate "2010.02.25"]

1. d4 Nf6 2. c4 e6 3. Nf3 b6 4. e3 Bb7 5. Nc3 d5 6. cxd5 exd5 7. Bd3 Nbd7 8.
O-O Bd6 9. b3 O-O 10. Nb5 Be7 11. Ba3 c5 12. Rc1 a6 13. Nc3 Bd6 14. Ne2 Qe7 15.
Ng3 g6 16. Bb2 Rfd8 17. Re1 Ne4 18. dxc5 bxc5 19. Qc2 Ng5 20. Nxg5 Qxg5 21.
Red1 Rac8 22. Be2 h5 23. Bf3 h4 24. Nf1 Ne5 25. Bxe5 Qxe5 26. Qc3 Qg5 27. Qe1
Qf5 28. Qe2 Rc7 29. Kh1 Qe5 30. Rc2 Be7 31. Rcd2 Bg5 32. Rd3 Bc6 33. Qc2 Be7
34. Qd2 Rcd7 35. Kg1 Qf5 36. h3 Qe5 37. Nh2 f5 38. Qc3 Qxc3 39. Rxc3 a5 40. Be2
Kf7 41. f4 d4 42. exd4 Rxd4 43. Rxd4 Rxd4 44. Nf3 Bxf3 45. Bxf3 Rxf4 46. Rc4
Rxc4 47. bxc4 Ke6 48. Bc6 Ke5 49. a4 Kf4 50. Be8 g5 51. Bd7 Bf6 52. Kh2 Be5 53.
Kg1 g4 54. hxg4 fxg4 55. Kh2 Ke4+ 56. Kg1 Kd4 57. Bb5 Kc3 58. Kf2 Bd4+ 59. Ke2
Kb4 60. Kf1 g3 61. Bc6 Kxc4 62. Ke2 Bf6 63. Kd2 Kd4 64. Bd7 Bg5+ 65. Kc2 c4 66.
Be6 Kc5 67. Kc3 Bf6+ 68. Kc2 Kb4 69. Bd7 Be5 70. Bc6 c3 71. Bd7 Bf6 72. Bc6 h3
73. gxh3 Kc4 74. Bb7 Kd4 75. Bc6 Ke3 0-1

[Event "FRA-chT1 0910"]
[Site "France"]
[Date "2009.10.17"]
[Round "2.7"]
[White "Lamorelle, Yves"]
[Black "Rachid, Danial"]
[Result "1-0"]
[WhiteElo "2201"]
[BlackElo "1947"]
[PlyCount "63"]
[EventDate "2009.09.27"]
[EventType "team-match"]
[EventRounds "11"]
[EventCountry "FRA"]
[Source "ChessBase"]
[SourceDate "2010.02.25"]

1. e4 e6 2. d4 d5 3. e5 c5 4. c3 Nc6 5. Nf3 Bd7 6. Be2 cxd4 7. cxd4 Nge7 8. O-O
Ng6 9. Nc3 Be7 10. g3 f6 11. exf6 Bxf6 12. Be3 O-O 13. Re1 Be8 14. Qd2 Bf7 15.
Rad1 Rc8 16. h4 e5 17. dxe5 Ncxe5 18. Nxe5 Bxe5 19. Nxd5 h6 20. h5 Ne7 21.
Nxe7+ Qxe7 22. Qd7 Qf6 23. Qxb7 Rc7 24. Qe4 g5 25. hxg6 Bxg6 26. Qg4 Rg7 27.
Bc4+ Bf7 28. Bxf7+ Rfxf7 29. Qc8+ Rf8 30. Qc4+ Kh8 31. Bd4 Qf3 32. Rd3 1-0

[Event "FRA-chT1 0910"]
[Site "France"]
[Date "2009.10.17"]
[Round "2.7"]
[White "Lohou, Stephane"]
[Black "Daurelle, Herve"]
[Result "1-0"]
[WhiteElo "2158"]
[BlackElo "2234"]
[PlyCount "107"]
[EventDate "2009.09.27"]
[EventType "team-match"]
[EventRounds "11"]
[EventCountry "FRA"]
[Source "ChessBase"]
[SourceDate "2010.02.25"]

1. e4 c5 2. Nf3 d6 3. d4 cxd4 4. Nxd4 Nf6 5. Nc3 Bd7 6. Bg5 e6 7. Qd2 a6 8. f3
Nc6 9. O-O-O Be7 10. h4 Rc8 11. Kb1 b5 12. Nb3 Ne5 13. Bxf6 gxf6 14. h5 b4 15.
Ne2 a5 16. Ned4 Qb6 17. f4 Nc4 18. Bxc4 Rxc4 19. Qd3 Rc7 20. Nd2 a4 21. Nc4 Qc5
22. b3 O-O 23. g4 Kh8 24. h6 Ra8 25. Rh5 Qa7 26. Ra5 Qb8 27. Rxa8 Qxa8 28. Nb6
Qa7 29. Nxd7 Rxd7 30. Nc6 Qa8 31. Nxe7 axb3 32. axb3 Ra7 33. Qd4 e5 34. Qb2
Rxe7 35. Rxd6 Re8 36. Rd3 Qa7 37. fxe5 Qg1+ 38. Qc1 Qxg4 39. exf6 Qxe4 40. Qd1
Qg6 41. Rd8 Qg8 42. Rxe8 Qxe8 43. Qg1 Qf8 44. Qg4 Qg8 45. Qxb4 Qa8 46. Qe1 Qd8
47. Kb2 Qb8 48. Qe4 Qd8 49. Qe5 Qa8 50. b4 Qf8 51. Kb3 Qc8 52. b5 Qh3+ 53. c3
Qc8 54. b6 1-0

[Event "FRA-chT1 0910"]
[Site "France"]
[Date "2009.10.17"]
[Round "2.8"]
[White "Chaumont, Adeline"]
[Black "Marchais, Aurelie"]
[Result "1-0"]
[WhiteElo "2049"]
[BlackElo "1779"]
[PlyCount "95"]
[EventDate "2009.09.27"]
[EventType "team-match"]
[EventRounds "11"]
[EventCountry "FRA"]
[Source "ChessBase"]
[SourceDate "2010.02.25"]

1. d4 d5 2. c4 e6 3. Nc3 Nf6 4. cxd5 exd5 5. Bg5 Be7 6. e3 c6 7. Qc2 Nbd7 8.
Bd3 Nh5 9. Bxe7 Qxe7 10. Nge2 g6 11. a3 Nb6 12. Na4 Nxa4 13. Qxa4 Bd7 14. Qc2
Ng7 15. b4 a6 16. Qc5 Bf5 17. Bxf5 Nxf5 18. Ng3 Nd6 19. a4 Qd7 20. Qc2 O-O 21.
O-O b5 22. Rfc1 Nc4 23. Nf1 Qe7 24. Qc3 Rfe8 25. a5 Rad8 26. Nd2 Qg5 27. Nf3
Qe7 28. Re1 Qd6 29. Rac1 Re7 30. Red1 Rde8 31. g3 Rc7 32. Kg2 Qf6 33. Nd2 Qf5
34. Re1 Qg5 35. Nb3 Qf5 36. Nc5 Ra7 37. Qc2 Qxc2 38. Rxc2 f5 39. Rce2 Kf7 40.
f3 Nd6 41. h3 Ree7 42. Kf2 Nb7 43. Nd3 Re6 44. Rc2 Ke7 45. Rec1 Kd6 46. Rxc6+
Kd7 47. Rc7+ Ke8 48. Rxh7 1-0

[Event "FRA-chT1 0910"]
[Site "France"]
[Date "2009.10.17"]
[Round "2.8"]
[White "Chebance, Benoit"]
[Black "Dikant, Christophe"]
[Result "1/2-1/2"]
[WhiteElo "1986"]
[BlackElo "2019"]
[PlyCount "109"]
[EventDate "2009.09.27"]
[EventType "team-match"]
[EventRounds "11"]
[EventCountry "FRA"]
[Source "ChessBase"]
[SourceDate "2010.02.25"]

1. e4 g6 2. d4 Bg7 3. Be3 c6 4. Qd2 d5 5. e5 Bf5 6. f3 h5 7. Ne2 Qb6 8. c3 Nd7
9. Ng3 Bxb1 10. Rxb1 e6 11. h4 Qc7 12. f4 Nh6 13. Bd3 Bf8 14. Ne2 Be7 15. g3
O-O-O 16. b3 Qa5 17. Qc2 Kb8 18. a4 Rc8 19. b4 Qd8 20. a5 Nf5 21. Bf2 Nh6 22.
Qa4 Ng4 23. Bg1 Rg8 24. Nc1 Nh6 25. Nb3 Nf5 26. Bf2 Qe8 27. Nc5 Ng7 28. Kd2 Nf5
29. Rb3 Kc7 30. Rhb1 Ra8 31. Rc1 a6 32. Rc2 Qc8 33. c4 dxc4 34. Bxc4 Bxc5 35.
bxc5 Ne7 36. Rcb2 Ra7 37. Be3 Qa8 38. Qa3 Rb8 39. Qa2 Rd8 40. Qb1 Kc8 41. Ke2
Nf5 42. Kf2 Ng7 43. Qf1 Ne8 44. Qe2 Nc7 45. g4 hxg4 46. Qxg4 Rh8 47. Qg5 Nb5
48. Qe7 Rf8 49. Rd3 Kc7 50. Kf3 Qd8 51. Qxd8+ Rxd8 52. Rg2 Rh8 53. Bf2 Raa8 54.
Ke3 Rad8 55. Rg1 1/2-1/2

[Event "FRA-chT1 0910"]
[Site "France"]
[Date "2009.10.17"]
[Round "2.8"]
[White "Louis Sidois, Charles"]
[Black "Lamorelle, Camille"]
[Result "1-0"]
[WhiteElo "1778"]
[BlackElo "1758"]
[PlyCount "66"]
[EventDate "2009.09.27"]
[EventType "team-match"]
[EventRounds "11"]
[EventCountry "FRA"]
[Source "ChessBase"]
[SourceDate "2010.02.25"]

1. e4 e5 2. Nf3 Nc6 3. Bb5 a6 4. Ba4 Nf6 5. O-O b5 6. Bb3 Bc5 7. Re1 O-O 8. c3
d6 9. d4 exd4 10. cxd4 Bb4 11. Nc3 h6 12. h3 Bb7 13. e5 dxe5 14. dxe5 Qxd1 15.
Rxd1 Bxc3 16. bxc3 Ne4 17. e6 fxe6 18. Bxe6+ Kh8 19. c4 Rae8 20. Bd7 Rd8 21.
Ba3 Rf7 22. cxb5 axb5 23. Bxc6 Rxd1+ 24. Rxd1 Bxc6 25. Ne5 Rf6 26. f3 Nc3 27.
Rd8+ Kh7 28. Rc8 Nd5 29. Bb2 Re6 30. Rd8 Nb4 31. a3 Na6 32. f4 Be4 33. Nf7 Bg6
1-0

[Event "FRA-chT1 0910"]
[Site "France"]
[Date "2009.10.17"]
[Round "2.8"]
[White "Verot, Melanie"]
[Black "Brih, Touatia"]
[Result "0-1"]
[WhiteElo "2138"]
[BlackElo "1939"]
[PlyCount "116"]
[EventDate "2009.09.27"]
[EventType "team-match"]
[EventRounds "11"]
[EventCountry "FRA"]
[Source "ChessBase"]
[SourceDate "2010.02.25"]

1. d4 d5 2. c4 c6 3. Nc3 g6 4. cxd5 cxd5 5. Nf3 Bg7 6. Bf4 Nf6 7. Qa4+ Bd7 8.
Qb3 Bc6 9. e3 O-O 10. Be2 Nbd7 11. O-O Qb6 12. Qc2 Rac8 13. Rfb1 Ne4 14. Nd2
Ndf6 15. Bf3 Ba4 16. Qd3 Bb5 17. Nxb5 Nxd2 18. Qxd2 Qxb5 19. a4 Qb3 20. Ra3 Qc2
21. Qxc2 Rxc2 22. Rb3 Rfc8 23. h3 b6 24. Rb5 Ne4 25. Bxe4 dxe4 26. a5 R8c6 27.
Bb8 bxa5 28. Bxa7 a4 29. Bc5 Bf6 30. Ra5 Rc4 31. Ra7 Kg7 32. Ra1 Rc2 33. Ra2 e5
34. R7xa4 exd4 35. exd4 Bh4 36. g3 Rf6 37. b4 Rc1+ 38. Kg2 Bg5 39. Re2 e3 40.
f4 Bh6 41. Rxe3 Rc2+ 42. Kf3 g5 43. Be7 Rf5 44. Ke4 gxf4 45. Kxf5 fxe3 46. Bf6+
Kg8 47. Ra8+ Bf8 48. Be7 Rf2+ 49. Kg4 e2 50. Rxf8+ Kg7 51. Re8 f5+ 52. Kg5 Kf7
53. Rc8 e1=Q 54. Bd6 Qd2+ 55. Bf4 Rxf4 56. gxf4 Qg2+ 57. Kh4 Qf2+ 58. Kg5 Qg3+
0-1

[Event "FRA-chT1 0910"]
[Site "France"]
[Date "2009.10.17"]
[Round "2.8"]
[White "Wasylyk, Laure"]
[Black "Boulan, Laura"]
[Result "0-1"]
[WhiteElo "2006"]
[BlackElo "1984"]
[PlyCount "126"]
[EventDate "2009.09.27"]
[EventType "team-match"]
[EventRounds "11"]
[EventCountry "FRA"]
[Source "ChessBase"]
[SourceDate "2010.02.25"]

1. e4 d6 2. d4 e5 3. dxe5 dxe5 4. Qxd8+ Kxd8 5. Nf3 f6 6. Be3 Nd7 7. Nbd2 Bc5
8. Nc4 Ke7 9. O-O-O b5 10. Bxc5+ Nxc5 11. Ncd2 a6 12. Ne1 Nh6 13. f3 Nf7 14.
Nd3 Ne6 15. Nb3 Nd6 16. Ndc5 Rd8 17. Nxe6 Bxe6 18. Nc5 a5 19. a3 Bf7 20. Be2
Rab8 21. b3 Rb6 22. a4 Rc6 23. Nd3 Bxb3 24. Kb2 Bxa4 25. Rc1 Nc4+ 26. Kb1 Na3+
27. Kb2 Nxc2 28. f4 exf4 29. Nxf4 Rd2 30. Rhd1 Rxd1 31. Bxd1 Nd4 32. Rxc6 Nxc6
33. Bxa4 bxa4 34. Ka3 Kd6 35. Nh5 Ke5 36. Nxg7 Nd4 37. Kxa4 c5 38. Kxa5 Kxe4
39. Nh5 Ke5 40. Ka4 f5 41. g3 Nf3 42. h3 Ng5 43. Nf4 Kd4 44. Kb3 c4+ 45. Kc2
Ne4 46. g4 fxg4 47. hxg4 Ke3 48. Ne6 h6 49. Ng7 Kf4 50. Nf5 Kg5 51. Ne3 Nd6 52.
Kc3 Kf4 53. Kd2 Ne4+ 54. Ke2 c3 55. Kd3 Nf2+ 56. Kd4 Kf3 57. Nc2 Nd1 58. Kd3
Kxg4 59. Ke2 Nb2 60. Ne3+ Kg5 61. Nd5 Na4 62. Kd3 h5 63. Kc4 c2 0-1

[Event "FRA-chT1 0910"]
[Site "France"]
[Date "2009.10.18"]
[Round "3.1"]
[White "Crut, Aurelien"]
[Black "Ivanov, Jordan"]
[Result "0-1"]
[WhiteElo "2309"]
[BlackElo "2408"]
[PlyCount "108"]
[EventDate "2009.09.27"]
[EventType "team-match"]
[EventRounds "11"]
[EventCountry "FRA"]
[Source "ChessBase"]
[SourceDate "2010.02.25"]

1. e4 c5 2. Nf3 e6 3. c3 Nf6 4. e5 Nd5 5. d4 cxd4 6. cxd4 d6 7. Bc4 Nc6 8. O-O
Be7 9. Qe2 O-O 10. Re1 Bd7 11. Nc3 Nxc3 12. bxc3 dxe5 13. dxe5 Qa5 14. Rb1 Rab8
15. Bd3 Rfd8 16. Qe4 g6 17. Bg5 Be8 18. Bb5 Bxg5 19. Nxg5 h6 20. Nf3 Qxc3 21.
Re3 Qc5 22. Qf4 Qf8 23. h4 Ne7 24. Bxe8 Rxe8 25. Reb3 Nd5 26. Qe4 Rec8 27. Re1
b5 28. h5 Rc4 29. Qb1 Qe8 30. Nh2 g5 31. Rg3 Rbc8 32. Ng4 Kg7 33. a3 a6 34. Nf6
Nxf6 35. exf6+ Kxf6 36. Qh7 Qf8 37. Rf3+ Rf4 38. Rxf4+ gxf4 39. Qe4 Rc4 40.
Qe5+ Ke7 41. Rd1 Qc8 42. Qd6+ Kf6 43. Rd3 Qc5 44. Qd8+ Kg7 45. Qh4 Qg5 46. Qh3
Rc1+ 47. Kh2 Rc5 48. g4 Qe5 49. Rf3 Qe4 50. Qg2 Rg5 51. Qh3 f5 52. Rc3 fxg4 53.
Rc7+ Kf6 54. Qc3+ Qe5 0-1

[Event "FRA-chT1 0910"]
[Site "France"]
[Date "2009.10.18"]
[Round "3.1"]
[White "Mullon, Jean Baptiste"]
[Black "David, Alberto"]
[Result "1/2-1/2"]
[WhiteElo "2368"]
[BlackElo "2591"]
[PlyCount "115"]
[EventDate "2009.09.27"]
[EventType "team-match"]
[EventRounds "11"]
[EventCountry "FRA"]
[Source "ChessBase"]
[SourceDate "2010.02.25"]
[WhiteTeam "Clichy"]
[BlackTeam "Lutece"]

1. e4 c5 2. Nf3 e6 3. d4 cxd4 4. Nxd4 a6 5. Bd3 Bc5 6. Nb3 Be7 7. Qg4 g6 8. Qe2
d6 9. Be3 Nc6 10. N1d2 Nf6 11. c3 b5 12. a4 bxa4 13. Rxa4 O-O 14. O-O Ne5 15.
Bh6 Re8 16. Bb5 Bd7 17. Bxd7 Qxd7 18. Rxa6 Rab8 19. Rfa1 Bf8 20. Be3 Qc7 21.
Ra7 Qc8 22. h3 Nc6 23. R7a2 Qb7 24. Qa6 Qxa6 25. Rxa6 Ne5 26. Bd4 Nfd7 27. c4
Rec8 28. Ra7 Nb6 29. Bxe5 dxe5 30. Rc1 Nxc4 31. Rxc4 Rxc4 32. Nxc4 Rxb3 33.
Nxe5 Rxb2 34. Nxf7 Rxf2 35. Kxf2 Bc5+ 36. Ke2 Bxa7 37. Ng5 e5 38. Kd3 Kg7 39.
Kc4 Be3 40. Nf3 Kf6 41. Kd5 Bf4 42. Ne1 h5 43. Nd3 Bh2 44. Ne1 Bf4 45. Kd6 Bh2
46. Nd3 Bg1 47. Nc1 Be3 48. Ne2 Bd2 49. Kd7 Kf7 50. Ng1 Bf4 51. Nf3 Bg3 52. Kd6
Kf6 53. Kd5 g5 54. Ng1 g4 55. hxg4 hxg4 56. Ne2 Bf4 57. Kd6 Bd2 58. Kd5 1/2-1/2

[Event "FRA-chT1 0910"]
[Site "France"]
[Date "2009.10.18"]
[Round "3.2"]
[White "Colovic, Aleksandar"]
[Black "Renet, Olivier"]
[Result "1/2-1/2"]
[WhiteElo "2441"]
[BlackElo "2518"]
[PlyCount "56"]
[EventDate "2009.09.27"]
[EventType "team-match"]
[EventRounds "11"]
[EventCountry "FRA"]
[Source "ChessBase"]
[SourceDate "2010.02.25"]
[BlackTeam "Rueil"]

1. e4 e5 2. Nf3 Nc6 3. Bb5 a6 4. Ba4 Nf6 5. O-O Be7 6. Re1 b5 7. Bb3 d6 8. c3
O-O 9. h3 Na5 10. Bc2 c5 11. d4 Qc7 12. Nbd2 Bd7 13. Nf1 Nc4 14. Ng3 Rfe8 15.
d5 g6 16. Nh2 a5 17. Bd3 Nb6 18. f4 Na4 19. Rf1 exf4 20. Rxf4 Rf8 21. Qf1 c4
22. Bc2 Ne8 23. Bxa4 bxa4 24. Nf3 Ng7 25. Nd4 Rab8 26. a3 h5 27. Qf2 Qb7 28.
Rf3 h4 1/2-1/2

[Event "FRA-chT1 0910"]
[Site "France"]
[Date "2009.10.18"]
[Round "3.2"]
[White "Rombaldoni, Denis"]
[Black "Suarez Real, Alberto"]
[Result "1-0"]
[WhiteElo "2459"]
[BlackElo "2400"]
[PlyCount "157"]
[EventDate "2009.09.27"]
[EventType "team-match"]
[EventRounds "11"]
[EventCountry "FRA"]
[Source "ChessBase"]
[SourceDate "2010.02.25"]

1. d4 Nf6 2. c4 g6 3. Nc3 Bg7 4. e4 d6 5. f4 O-O 6. Nf3 c5 7. d5 e6 8. Be2 exd5
9. cxd5 Bg4 10. O-O Re8 11. Qc2 Nbd7 12. h3 Bxf3 13. Bxf3 Qa5 14. Bd2 b5 15. a3
Rab8 16. Rfe1 Qc7 17. Ne2 Nb6 18. Ng3 Nfd7 19. Bc3 Qd8 20. b3 Bxc3 21. Qxc3 Qf6
22. Ne2 Qxc3 23. Nxc3 a6 24. Rac1 Re7 25. Red1 Rbe8 26. g4 h6 27. e5 dxe5 28.
d6 Re6 29. f5 Rf6 30. Ne4 gxf5 31. Nxf6+ Nxf6 32. Rxc5 Nbd7 33. Rc6 e4 34. Be2
Nb8 35. Rc7 f4 36. Re1 Nbd7 37. h4 Rd8 38. g5 hxg5 39. hxg5 Ne8 40. Rc6 Ne5 41.
Rxa6 Kg7 42. Rb6 Rxd6 43. Rxb5 Re6 44. Bc4 Nf3+ 45. Kf1 Re7 46. Rd1 Ne5 47. Rd4
Nf3 48. Rd8 e3 49. Rf5 Nd2+ 50. Ke1 f3 51. Rxd2 exd2+ 52. Kxd2 Nd6 53. Rxf3 Ra7
54. Rd3 Ne4+ 55. Ke3 Nxg5 56. Kf4 Kf6 57. Rd6+ Ne6+ 58. Bxe6 fxe6 59. a4 Rb7
60. Rd3 e5+ 61. Ke4 Ke6 62. Rc3 Rb4+ 63. Kd3 Kd5 64. Kc2 Rh4 65. Rd3+ Kc5 66.
Kc3 Rg4 67. Re3 Kd5 68. a5 e4 69. Rh3 Rg5 70. b4 Re5 71. a6 Kc6 72. Kc4 e3 73.
b5+ Kb6 74. Rh6+ Ka7 75. Rh7+ Kb8 76. b6 Re8 77. a7+ Ka8 78. Kb5 e2 79. Ka6 1-0